00594 2200205 4500001002100000005001500021035002000036007000300056008004100059020001900100082001100119084001700130100001800147245010100165250001100266260004800277300003600325700001800361990000900379INLIS00000000000716020210310114015 a0010-0321000530ta210310 g 0 ind  a97860218994224 a333.79 a333.79 TUT s0 aTutun Nugraha1 aSeri Sains Energi Terbarukan Energi Bio Biomassa, Biofuel, Biodiesel Dan Biogas /cTutun Nugraha aCet. 1 aJakarta :bPT Pelangi Ilmu Nusantara,c2012 a67 hlm :b.ilus ;c21 x 29,5 cm0 aDidik Sunardi a4022